00488 2200181 4500001002100000008004100021035002000062245006200082100001900144250001700163260003000180300002000210020002200230084001600252082001000268650001900278990000900297INLIS000000000000558 ind  a0010-0425000558 aCantik Alami dengan Masker Buatan SendiricMaya Rohmayati aMaya Rohmayati aCetakan ke-3 aDepok :bArya Duta,c2020 a74 hlm.c25 cm. a978-979-094-787-0 a613.4 MAY c a613.4 aMaya Rohmayati a1419